<?xml version="1.0" encoding="UTF-8"?>
<record
    xmlns:xsi="http://www.w3.org/2001/XMLSchema-instance"
    xsi:schemaLocation="http://www.loc.gov/MARC21/slim http://www.loc.gov/standards/marcxml/schema/MARC21slim.xsd"
    xmlns="http://www.loc.gov/MARC21/slim">

  <leader>00233nam a22001097a 4500</leader>
  <datafield tag="020" ind1=" " ind2=" ">
    <subfield code="a">9781782354840</subfield>
  </datafield>
  <datafield tag="082" ind1=" " ind2=" ">
    <subfield code="a">823</subfield>
    <subfield code="b">BOO</subfield>
  </datafield>
  <datafield tag="245" ind1=" " ind2=" ">
    <subfield code="a">Fairy Boo</subfield>
  </datafield>
  <datafield tag="260" ind1=" " ind2=" ">
    <subfield code="a">US:</subfield>
    <subfield code="b">Make believe ideas ltd;</subfield>
    <subfield code="c">2012.</subfield>
  </datafield>
  <datafield tag="563" ind1=" " ind2=" ">
    <subfield code="a">HB</subfield>
  </datafield>
  <datafield tag="942" ind1=" " ind2=" ">
    <subfield code="2">ddc</subfield>
    <subfield code="c">BK</subfield>
  </datafield>
  <datafield tag="999" ind1=" " ind2=" ">
    <subfield code="c">614918</subfield>
    <subfield code="d">614918</subfield>
  </datafield>
  <datafield tag="952" ind1=" " ind2=" ">
    <subfield code="0">0</subfield>
    <subfield code="1">0</subfield>
    <subfield code="2">ddc</subfield>
    <subfield code="4">0</subfield>
    <subfield code="6">823_000000000000000_BOO</subfield>
    <subfield code="7">0</subfield>
    <subfield code="9">642559</subfield>
    <subfield code="a">CL</subfield>
    <subfield code="b">CL</subfield>
    <subfield code="c">CHILD_SEC</subfield>
    <subfield code="d">2025-09-26</subfield>
    <subfield code="e">Donated by Children - Summer Camp, 2025.</subfield>
    <subfield code="o">823 BOO</subfield>
    <subfield code="p">CL-CS-11</subfield>
    <subfield code="r">2025-09-26</subfield>
    <subfield code="w">2025-09-26</subfield>
    <subfield code="y">CHILD_SEC</subfield>
  </datafield>
</record>
